00499nam a22001577a 450000500170000001000150001702000260003203500130005803700130007108200100008410000280009424500540012226000550017627000790023130000310031020130821145102.0 aENG-107839 a9789380831824c224.00 aEN-91372 bDBAD/PUB a320.3 aReddy, D. Chandra Mouli aComparative politics /cby D. Chandra Mouli Reddy aHyderabadbStudentshelpline Publishing Housec2012 a326/C, Surneni Nilayam, near B K Guda Park, S.R. Nagar,bHyderabade500038 avarious pagingsc22cm(pbk)